[Event "Bad Zwesten op 4th"]
[Site "Bad Zwesten"]
[Date "2000.01.09"]
[Round "5"]
[White "Kierzek, Alexander"]
[Black "Schmitz, Manuela"]
[Result "0-1"]
[WhiteElo "1499"]
[BlackElo "2121"]
[PlyCount "46"]
[EventDate "2000.01.??"]
[EventType "swiss"]
[EventRounds "9"]
[EventCountry "GER"]
[SourceTitle "EXT 2001"]
[Source "ChessBase"]
[SourceDate "2000.11.22"]
[SourceVersion "1"]
[SourceVersionDate "2000.11.22"]
[SourceQuality "1"]

1. c4 e6 2. Nc3 d5 3. d4 c6 4. Nf3 dxc4 5. a4 Bb4 6. e4 b5 7. Bd2 Nf6 8. Qc2 Bb7 9. e5 Bxc3 10. Bxc3 Nd5 11. b3 b4 12. Bd2 c3 13. Bg5 Qc7 14. Bd3 h6 15. Be3 a5 16. 0-0 Nd7 17. Rad1 0-0-0 18. Qe2 Qb6 19. Ne1 g5 20. Bc4 Rdg8 21. Nd3 Rg7 22. Nc5 Nxc5 23. dxc5 Qc7 0-1

[Event "Bad Zwesten op 4th"]
[Site "Bad Zwesten"]
[Date "2000.01.09"]
[Round "4"]
[White "Simon, Goetz Jochen"]
[Black "Kierzek, Alexander"]
[Result "0-1"]
[WhiteElo "1645"]
[BlackElo "1499"]
[PlyCount "58"]
[EventDate "2000.01.??"]
[EventType "swiss"]
[EventRounds "9"]
[EventCountry "GER"]
[SourceTitle "EXT 2001"]
[Source "ChessBase"]
[SourceDate "2000.11.22"]
[SourceVersion "1"]
[SourceVersionDate "2000.11.22"]
[SourceQuality "1"]

1. e4 d5 2. exd5 Nf6 3. d4 Nxd5 4. c4 Nb6 5. Nc3 e5 6. Be3 exd4 7. Qxd4 Qxd4 8. Bxd4 Nc6 9. Be3 Be6 10. Bxb6 axb6 11. a3 0-0-0 12. Nf3 Be7 13. Be2 f5 14. 0-0 g5 15. Kh1 Bf6 16. Rfd1 g4 17. Ne1 Nd4 18. Bd3 Nb3 19. Rab1 h5 20. Nd5 Bg5 21. f4 Bxd5 22. Bxf5+ Kb8 23. fxg5 Bxc4 24. g6 Nd2 25. Rbc1 Be2 26. Rxd2 Rxd2 27. Be6 Rf8 28. g3 Rf1+ 29. Kg2 Bd3# 0-1

[Event "Bad Zwesten op 4th"]
[Site "Bad Zwesten"]
[Date "2000.01.05"]
[Round "1"]
[White "Kierzek, Alexander"]
[Black "Schumacher, Dennis"]
[Result "1/2-1/2"]
[WhiteElo "1499"]
[BlackElo "2085"]
[PlyCount "53"]
[EventDate "2000.01.??"]
[EventType "swiss"]
[EventRounds "9"]
[EventCountry "GER"]
[SourceTitle "EXT 2001"]
[Source "ChessBase"]
[SourceDate "2000.11.22"]
[SourceVersion "1"]
[SourceVersionDate "2000.11.22"]
[SourceQuality "1"]

1. c4 g6 2. Nc3 Bg7 3. g3 d6 4. Bg2 e5 5. Nf3 f5 6. d3 Nf6 7. Bg5 h6 8. Bxf6 Bxf6 9. e3 Nc6 10. Qd2 0-0 11. 0-0 g5 12. Nd5 Bg7 13. h3 Ne7 14. Nxe7+ Qxe7 15. Rab1 Bf6 16. e4 g4 17. hxg4 fxg4 18. Nh2 Qg7 19. f3 h5 20. fxg4 Bxg4 21. Nxg4 Qxg4 22. Rf3 Kg7 23. Qf2 Be7 24. Rf1 Rxf3 25. Qxf3 Qg6 26. Bh3 h4 27. Kg2 1/2-1/2

[Event "Bad Zwesten op 4th"]
[Site "Bad Zwesten"]
[Date "2000.01.03"]
[Round "2"]
[White "Hoffmann, Ulrich"]
[Black "Kierzek, Alexander"]
[Result "1-0"]
[WhiteElo "2117"]
[BlackElo "1499"]
[PlyCount "71"]
[EventDate "2000.01.??"]
[EventType "swiss"]
[EventRounds "9"]
[EventCountry "GER"]
[SourceTitle "EXT 2001"]
[Source "ChessBase"]
[SourceDate "2000.11.22"]
[SourceVersion "1"]
[SourceVersionDate "2000.11.22"]
[SourceQuality "1"]

1. Nf3 d5 2. c4 d4 3. b4 g6 4. d3 Bg7 5. g3 a5 6. b5 c5 7. bxc6 Nxc6 8. Bg2 Nh6 9. 0-0 0-0 10. Ba3 Re8 11. Nbd2 e5 12. Ne4 f5 13. Nd6 Re6 14. Nxc8 Rxc8 15. Qb3 Nf7 16. c5 Qe8 17. Qxb7 Rb8 18. Qa6 e4 19. Nd2 Nfe5 20. dxe4 Nb4 21. Qxa5 Ra6 22. Bxb4 Rxa5 23. Bxa5 d3 24. exd3 Nc6 25. Bb6 Bxa1 26. Rxa1 Nb4 27. exf5 gxf5 28. Nc4 Nxd3 29. c6 Ne5 30. Bd5+ Kg7 31. Bd4 Kh6 32. Bxe5 Kg6 33. Bxb8 Qxb8 34. Rc1 Qc7 35. Nb6 f4 36. Na8 1-0